Stacje M1 W Warszawie - Statystyki

Ogólne statystyki
  • Ten quiz został rozwiązany 56 razy
  • Średni wynik to 17 z 21
Statystyki odpowiedzi
Ulice Stacje % Poprawnych
Aleja Komisji Edukacji Narodowej, Wąwozowa Kabaty
100%
Aleja Gen. Marii Wittek, Jana Kasprowicza Młociny
100%
Marszałkowska, Aleje Jerozolimskie Centrum
93%
Marszałkowska, Świętokrzyska, Zielna Świętokrzyska
93%
Słomińskiego, Andersa Dworzec Gdański
90%
Aleja Komisji Edukacji Narodowej Natolin
87%
Słowackiego, Plac Wilsona Plac Wilsona
87%
Andersa, Aleja ,,Solidarności" Ratusz Arsenał
87%
Rakowiecka, Aleja Niepodległości Pole Mokotowskie
83%
Aleja Komisji Edukacji Narodowej, Indiry Gandhi Imielin
80%
Waryńskiego, Aleja Armii Ludowej, Nowowiejska Politechnika
80%
Aleja Komisji Edukacji Narodowej Ursynów
80%
Puławska Wilanowska
77%
Jana Kasprowicza Wawrzyszew
73%
Słowackiego Marymont
70%
Aleja Niepodległości Racławicka
70%
Aleja Harcerzy Polskich, Wałbrzyska Służew
70%
Aleja Komisji Edukacji Narodowej, Zamiany Stokłosy
70%
Jana Kasprowicza, Lipińska Stare Bielany
67%
Aleja Niepodległości Wierzbno
67%
Jana Kasprowicza, Sacharowa Słodowiec
63%
Nie znaleziono quizów pasujących do podanych kryteriów
Rozkład punktacji
Procent ludzi z każdym wynikiem
Percentyl według liczby udzielonych odpowiedzi
Twoja historia wyników
Nie rozwiązałeś tego quizu